000
00341nam a2200145Ia 4500
008
220204s9999 xx 000 0 und d
082
_a
581.52
_b
DAY
100
_a
DAY, Garry D
245
0
_a
You and the environment
260
_a
Boston
_b
Houghton
_c
1974
650
_a
Ecology
650
_a
Environment
650
_a
Pollution
942
_c
BK
999
_c
36477
_d
36477